000 00922nam a2200265Ia 4500
003 OSt
005 20220918171001.0
006 a|||||r|||| 00| 0
007 ta
008 220917b |||||||| |||| 00| 0 eng d
020 _a9781108470803 (hbk)
_cUKP 75.00
024 _a348,681
037 _b57603, 18/03/2019, Segment Book Distributors
_cTextual
040 _aARTS
_cARTS
_beng
041 _2eng
_aeng
082 _aQ7.3, Q8
100 _aKenney Michael Au.
_932878
245 0 _aIslamic state in Britain
_b radicalization and resilience in an activist network
260 _aCambridge
_bCambridge University Press UK
_c2018
300 _axii,287p.
_ccm.
490 _aStructural analysis in the social science; 47
650 _aGREAT BRITAIN - HISTORY; MUSLIMS
_932879
942 _hQ7.3, Q8
_cTEXL
_2CC
999 _c137107
_d137107